| 000 | 00415cam a2200181ua 4500 | ||
|---|---|---|---|
| 020 | _c7.25 | ||
| 041 |
_aeng _h |
||
| 082 |
_a025.3 _bCHA/HO |
||
| 100 | _aChapman, Lix . | ||
| 245 |
_aHow to catalogue / _cLix Chapman. _hTextual Documents |
||
| 250 |
_a1 / _b. |
||
| 260 |
_aLondon : _bClive Knigley , _c1984. |
||
| 300 | _a81 ; . | ||
| 365 | _a7.25 | ||
| 504 | _a | ||
| 942 | _cBK | ||
| 999 |
_c5681 _d5681 |
||